Регионална библиотека "Любен Каравелов" - Русе

Разговори за фотографското изкуство (Запис номер 489960)

MARC детайли
000 -Лидер
Лидер 01650nam a2200349 a 4500
003 - Код на организацията, давaща контролен номер
Код на организацията, даваща контролен номер BLK
005 - Дата и час на последна редакция
Дата и час на последна редакция 20231016154602.0
008 - Елементи от данни с фиксирана дължина
Елементи с фиксирана дължина 180410b bul|||||r ||||||| ||bul||
020 ## - Международен стандартен номер на книга ISBN
ISBN 9786199061435
040 ## - Източник на каталожния запис
Код на библиотеката BLK
041 ## - Код за език
Език Български
Език за КДБФ Български
080 ## - УДК
УДК текст Фотографии според формата, големината и др. аспекти
УДК код 77.06
УДК – код + определител 77.06
100 1# - Редна дума - Автор
Автор Трейман, Николай Емануилов
R(LIN) 131167
245 10 - Сведения за заглавието
Заглавие Разговори за фотографското изкуство
Авторска отговорност Николай Трейман, Цочо Бояджиев ; предг. Еми Барух.
257 ## - Страна на издаване
Страна на създаване/издаване България
260 ## - Област на издателските данни
Място на издаване София
Име на издателя Фонд. Фотофабрика
Година на издаване 2021
9 (RLIN) 221646
Издателство - префикс ISBN 978-619-90614-
Печатница ([София] : Спектър)
300 ## - Физическа характеристика
Брой страници 228 с.
Размер 23 см
380 ## - Жанр
Жанр Худож. лит.
500 ## - Общи забележки
Обща забележка Думи на фокус / Еми Барух: с. 5-7. - Биогр. данни за авт. отбелязани на гърба на кор. - Кн. от поредицата Думи на фокус
650 #7 - Допълнително описание по предмет – тема
9 (RLIN) 175953
Предметна рубрика Фотография
653 ## - Ключова дума – ненормативна
9 (RLIN) 199488
Ключови думи фотография
700 ## - Други автори (авторска отговорност)
Друг автор Бояджиев, Цочо Христов
Дати, свързани с автора 1951-
Авт. отговорност на др. автор съавт.
9 (RLIN) 390210
700 1# - Други автори (авторска отговорност)
9 (RLIN) 36857
Друг автор Барух, Еми Бохор
Авт. отговорност на др. автор предг.
852 ## - Местоположение
Сигнатура (форматна) 77/Т 81 Н
Отдел Отдел Изкуство - подръчен фонд
852 ## - Местоположение
Сигнатура (форматна) Цб 318461
Отдел Хранилище
856 4# - Електронен адрес и достъп
Електронен формат pdf - файл
Инструкция (цена за достъп) 0.00
Права за достъп disable
942 ## - АРТИКУЛИ
Вид на библиотечния документ Книги
Скрит в OPAC Не
Периодичен библиозапис Да
944 ## - СЪЗДАВАНЕ И РЕДАКЦИЯ на ЗАПИСА
Създаване/Редакция Създаване
Дата на регистрацията/редакция 2023-03-23
Служител, извършил регистрацията/редакцията 30556
Номер на служител Теодора Пейчева-Дянкова
944 ## - СЪЗДАВАНЕ И РЕДАКЦИЯ на ЗАПИСА
Създаване/Редакция Редакция
Дата на регистрацията/редакция 2023-07-06
Служител, извършил регистрацията/редакцията Ренета Константинова
999 ## - СИСТЕМНИ КОНТРОЛНИ НОМЕРА
Koha biblionumber 489960
Koha biblioitemnumber 489960
999 ## - СИСТЕМНИ КОНТРОЛНИ НОМЕРА
Koha biblioitemnumber 489960
Наличности
Код за отписване Код за изгубен артикул Източник на класификационната схема Код за повреда Коз за рестрикции Код за отдаване Артикулен № Име на библиотеката - собственик Име на библиотеката, в която се намира в момента Статус (Текущо местоположение) Дата на вписване в системата Местоположение - отдел Цена в лева Инвентарен номер Систематично азбучна сигнатура Баркод Цена в евро Служебен тип на артикула
  Не е изгубен Universal Decimal Classification Не е повреден без рестрикции заемане за дома 926492 Регионална библиотека "Любен Каравелов" Русе Регионална библиотека "Любен Каравелов" Русе Отдел Изкуство - подръчен фонд 2023-04-03 Отдел Изкуство - подръчен фонд 25.00 120000885622 77/Т 81 Н 120000885622 12.78 Книги
  Не е изгубен Universal Decimal Classification Не е повреден   ползва се в читалня 929786 Регионална библиотека "Любен Каравелов" Русе Регионална библиотека "Любен Каравелов" Русе Хранилище 2023-07-13 Хранилище 11.00 120000889288 Цб 318461 120000889288 5.62 Книги
Vip Innovations Ltd, Rousse, Bulgaria 2025